00923nam a2200193Ia 4500003000900000005001700009008004100026040003100067040001300098041000800111100002400119245008400143250001100227260002000238300001800258490003800276490000600314520040900320IT-RoPau20220918175746.0120407s9999 xx 000 0 und d aIT-RoPAUc20130510094327.0 cIT-RoPAU aita aSocietà San Paolo aEsercizi Spirituali, 1970.bLa Comunità religiosa nell’ora del rinnovamento a1° ed aRomabSSPc1970 a205 p.c22 cm a(Doc. Paol., 3) Pro Manuscripto. v1 aIndice Ai fratelli Conclusioni dell'Inchiesta Introduzione: Prefazio per azione di grazia Meditazioni del mattino. Temi della comunità Omelie alla Celebrazione Eucaristica Meditazioni a colloquio Meditazioni serali. Temi di "Rinnovamento" Per una pastorale dei "nostri" esercizi: Esperienze e suggerimenti Punto di partenza per una riflessione sulla nostra situazioneinterna nell'ora del rinnovamento